Embracing family

Na minha lista:
Detalhes bibliográficos
Autor principal: Kojima, Nokuo (Autor)
Formato: Livro
Idioma:inglês
Publicado em: Londres Dalkey Archive press 2005
Assuntos:
Tags: Adicionar Tag
Sem tags, seja o primeiro a adicionar uma tag!

MARC

LEADER 00000nam a2200000 a 4500
001 UCI1370
003 CL-VaPUC
008 070629e20050000UK |||||||||||||||||eng|d
020 |a 1564784053 
082 0 4 |a 895.603  |b KOJ  |2 21 
100 |a Kojima, Nokuo  |e author  |9 521839 
245 1 0 |a Embracing family 
300 |a 161 p 
942 |c BK 
945 |d 20070629 00:00:00  |a rbrito 
260 |a Londres  |b Dalkey Archive press  |c 2005 
650 7 |a NOVELAS JAPONESAS  |2 CL-VaPUC  |9 521840 
583 |a last modification  |c 20070629 00:00:00  |k Rodrigo Vera 
999 |c 326198  |d 326196 
952 |0 0  |1 0  |4 0  |6 895_603000000000000_KOJ_2005  |7 0  |8 A  |9 407960  |a BIBGIM  |b BIBGIM  |d 2019-11-22  |i 4244400  |o 895.603 KOJ 2005  |p 4244400  |r 2025-01-15  |w 2019-11-22  |y BK  |k ORI